UM Logo

Strategy and training: (Record no. 1474)

MARC details
000 -LEADER
fixed length control field 00705nam a22002057a 4500
008 - FIXED-LENGTH DATA ELEMENTS--GENERAL INFORMATION
fixed length control field 160329b xxu||||| |||| 00| 0 eng d
020 ## - INTERNATIONAL STANDARD BOOK NUMBER
International Standard Book Number 13: 978-1-60649-572-8
082 ## - DEWEY DECIMAL CLASSIFICATION NUMBER
Edition number 2012
Classification number DC 658.3124
Item number K84
100 ## - MAIN ENTRY--PERSONAL NAME
9 (RLIN) 4475
Personal name Korda, Philippe.
245 ## - TITLE STATEMENT
Title Strategy and training:
Remainder of title making skills a competitive advantage/
Statement of responsibility, etc. Philippe Korda.
260 ## - PUBLICATION, DISTRIBUTION, ETC. (IMPRINT)
Place of publication, distribution, etc. New York:
Name of publisher, distributor, etc. Business Expert Press,
Date of publication, distribution, etc. c2012.
300 ## - PHYSICAL DESCRIPTION
Extent xii, 182 pages;
Dimensions 23 cm.
440 ## - SERIES STATEMENT/ADDED ENTRY--TITLE
9 (RLIN) 4478
Title The strategic management collection.
500 ## - GENERAL NOTE
General note Includes index.
650 #0 - SUBJECT ADDED ENTRY--TOPICAL TERM
9 (RLIN) 4479
Topical term or geographic name as entry element Manpower planning.
650 #0 - SUBJECT ADDED ENTRY--TOPICAL TERM
9 (RLIN) 4480
Topical term or geographic name as entry element Career development.
650 #0 - SUBJECT ADDED ENTRY--TOPICAL TERM
9 (RLIN) 4481
Topical term or geographic name as entry element Employees
General subdivision Training.
650 #0 - SUBJECT ADDED ENTRY--TOPICAL TERM
9 (RLIN) 4482
Topical term or geographic name as entry element Performance technology.
942 ## - ADDED ENTRY ELEMENTS (KOHA)
Source of classification or shelving scheme Dewey Decimal Classification
Koha item type Circulation
Holdings
Withdrawn status Lost status Source of classification or shelving scheme Damaged status Not for loan Collection code Home library Current library Date acquired Source of acquisition Total Checkouts Full call number Barcode Date last seen Price effective from Koha item type
    Dewey Decimal Classification     Circulation UM Digos College - LIC UM Digos College - LIC 09/25/2014 Purchased   DC 658.3124 K84 2012 22355 05/15/2025 03/29/2016 Circulation